On This Day: October 7th Quiz Stats

 Plays Quiz Updated Oct 7, 2017

Score 0/7 Timer 03:00
0 Plays Today
Question Answer Wrong Answers
This person establishes the Missionaries of Charity, a Roman Catholic religious congregation aimed at providing service to the poor.
1950
Mother Teresa
88.7%
Mahatma Gandhi
1.7%
Pope Pius XII
6.7%
Sœur Emmanuelle
1.5%
This airline, the flag carrier of the Netherlands, is founded. It is the oldest airline still operating under its original name.
1919
KLM
73.2%
Lufthansa
19.5%
Aeroflot
4.3%
Etihad Airways
2%
This Danish physicist and Nobel Prize laureate, known for his contributions to the understanding of atomic structure and quantum theory, is born.
1885
Niels Bohr
68.9%
Albert Einstein
19.3%
Werner Heisenberg
6.8%
Enrico Fermi
4.9%
The US begins its invasion of this nation with an air assault targeting Al-Qaeda and the Taliban.
2001
Afghanistan
66.6%
Iraq
25.2%
Iran
4.4%
Syria
1.6%
This news channel, with Roger Ailes as its founding CEO, begins broadcasting.
1996
Fox News
65.6%
CNN
22%
MSNBC
5.6%
C-SPAN
4.8%
The US manned space-flight project is approved and renamed Project ______.
1958
Mercury
48.7%
Apollo
33.1%
Voyager
11.4%
Pioneer
5.1%
The Regency Council of the Kingdom of Poland declares independence from the ______ and forms the Republic of Poland.
1918
German Empire
42%
Holy Roman Empire
11.4%
Soviet Union
22.3%
Ottoman Empire
23.6%

You're not logged in!

Compare scores with friends on all Sporcle quizzes.
OR
Log In

You Might Also Like...

Show Comments

Extras

Top Quizzes Today


Score Distribution

Your Account Isn't Verified!

In order to create a playlist on Sporcle, you need to verify the email address you used during registration. Go to your Sporcle Settings to finish the process.

Report this User

Report this user for behavior that violates our Community Guidelines.

Details: